000 01038nam a2200265 a 4500
005 20160211201409.0
008 990209s1998 ck a f000 0 spa d
040 _aDNAL
_cDNAL
_dDLC
_dCO-BoIAVH
041 _aeng
042 _alccopycat
044 _ack
070 _a307.1412
_bJ26j
245 0 0 _aJalonando el futuro del sector rural :
_binforme al Congreso, 1994-1998 /
_cAntonio Gómez Merlano.
260 _a[Bogotá] :
_bRepública de Colombia, Ministerio de Agricultura y Desarrollo Rural,
_c[1998]
300 _a372 p.:
_bcol. ill. ;
_c23 cm.
650 0 _aAgriculture and state
_zColombia.
650 0 _aAgricultura y estado
_zColombia
650 0 _aAgriculture
_xEconomic aspects
_zColombia.
650 0 _aAgricultura
_xaspectos economicos
_zColombia
650 0 _aRural development
_zColombia.
650 0 _aDesarrollo rual
_zColombia
700 2 _aGómez Merlano, Antonio.
710 1 _aColombia.
_bMinisterio de Agricultura y Desarrollo Rural.
942 _2ddc
_cLIBRO
999 _c1305
_d1305